|
|
|
|
| LEADER |
01023pam a22002658a 4500 |
| 001 |
00045996 |
| 005 |
20201127161146.0 |
| 008 |
130124s2012 ||||||viesd |
| 020 |
# |
# |
|c 139000
|a 9786049466915
|
| 041 |
0 |
# |
|a vie
|
| 082 |
1 |
4 |
|a 158.1
|b K600N
|
| 100 |
1 |
# |
|a Freeman, Emily P.
|
| 245 |
1 |
0 |
|a Kỹ năng tư duy ra quyết định hiệu quả
|c Emily P. Freeman ; Nguyễn Ngọc Mai (dịch)
|
| 260 |
# |
# |
|a Hà Nội
|b Đại học Kinh tế Quốc dân; Công ty Văn hoá và Truyền thông 1980 Books
|c 2019
|
| 300 |
# |
# |
|a 337 tr.
|c 21 cm
|
| 500 |
# |
# |
|a Tên sách tiếng Anh: The next right thing: a simple, soulful practice for making life decisions
|
| 653 |
# |
# |
|a Cuộc sống
|
| 653 |
# |
# |
|a Kỹ năng
|
| 653 |
# |
# |
|a Quyết định
|
| 653 |
# |
# |
|a Thành công
|
| 653 |
# |
# |
|a Tâm lý học
|
| 700 |
# |
# |
|a Nguyễn, Ngọc Mai
|e Dịch
|
| 852 |
# |
# |
|j KD.0027510
|
| 910 |
# |
# |
|d 27/11/2020
|
| 980 |
# |
# |
|a Trung tâm Học liệu Lê Vũ Hùng, Trường Đại học Đồng Tháp
|